Top 10 des États américains les plus heureux - Statistiques

Statistiques générales
  • Ce quiz a été pris 288 fois
  • Le résultat moyen est 4 sur 10
Statistiques - réponses
États Heureux % Correct
Californie
95%
Hawaï
54%
Utah
48%
Dakota du Sud
42%
New Jersey
41%
Iowa
39%
Minnesota
32%
Wisconsin
30%
New Hampshire
29%
Nebraska
28%
Aucun quiz correspondant
Distribution des résultats
% des personnes avec chaque résultat
Percentile par nombre de réponses
Votre historique - résultats
Vous n’avez pas pris ce quiz